BRUNNSTROMS CLINICAL KINESIOLOGY (Record no. 800333)

MARC details
000 -LEADER
fixed length control field 00398pam a2200157 a 4500
020 ## - INTERNATIONAL STANDARD BOOK NUMBER
International Standard Book Number 9789350901939
Terms of availability
041 ## - LANGUAGE CODE
Language code of original
082 ## - DEWEY DECIMAL CLASSIFICATION NUMBER
Classification number 617.3/HOU
Item number 10954
100 ## - MAIN ENTRY--PERSONAL NAME
Personal name HOUGLUM P.A. ,BERTOTI D.B.
245 ## - TITLE STATEMENT
Title BRUNNSTROMS CLINICAL KINESIOLOGY
Medium Textual Documents
250 ## - EDITION STATEMENT
Edition statement 6.
260 ## - PUBLICATION, DISTRIBUTION, ETC.
Name of publisher, distributor, etc. JAYPEE BROTHERS MEDICAL PUB.
Date of publication, distribution, etc. 2012
300 ## - PHYSICAL DESCRIPTION
Extent 704:
Other physical details XXXIV;
Dimensions PB.
650 ## - SUBJECT ADDED ENTRY--TOPICAL TERM
Topical term or geographic name entry element ORTHO
930 ## - EQUIVALENCE OR CROSS-REFERENCE-UNIFORM TITLE HEADING [LOCAL, CANADA]
Uniform title 5806
Holdings
Withdrawn status Lost status Damaged status Not for loan Collection Home library Current library Date acquired Source of acquisition Cost, normal purchase price Total Checkouts Full call number Barcode Date last seen Copy number Price effective from Koha item type
          Medical College & Hospital, Sangli Medical College & Hospital, Sangli 03/04/2014 B.M.S.G.B.PUNE 1295.00   617.3/HOU 10954 MCS-10954 18/12/2025 1 26/07/2023 Book